000 00603nam a2200241Ia 4500
005 20250425162133.0
008 250425s9999 xx 000 0 und d
020 _a0195173600
041 _aeng
082 _a658.4
100 _aCORNELIUS, PETER K EDITOR
245 0 _aTHE GLOBAL COMPETITIVENESS REPORT 2003-2004
250 _aS.E.
260 _aEstados Unidos
_bOXFORD UNIVERSITY PRESS
_c2004
260 _aNEW YORK
300 _a574
650 _aCOMPETITIVIDAD
650 _aDESARROLLO
650 _aINNOVACIONES
710 _aWORLD ECONOMIC FORUM
942 _c01
010 _a52347
999 _c223053
_d223053